000 00364nam a2200157Ia 4500
008 210430s9999 xx 000 0 und d
020 _a6/21/11
082 _a823 D5491 T
245 _aCharles Dickens
250 _a367p
260 _aNational Book Foundation
300 _aA Tale of Two Cities
650 _aIslamabad
856 _uBK
942 _cGEN
_2ddc
999 _c562229
_d562229